00752nam a2200253 a 4500001001300000003000900013005001700022008004100039020001000080082001800090100002200108245006200130260003500192300000900227500003500236505002000271650002100291650001100312700002200323902000800345942000700353952012100360999001700481nice12345678IN_TiNIC20260116015052.0070615s2001 dela grp 000 0 eng  ac40000a297.0954bROB aRobinson, Francis aUlama of Farangi Mahall and Islamic Culture in South Asia aDelhi bPermanent Black c2001 a267p aincludes index and biblioraphy2 aGlossary, Index aIslam-South Asia aSufism1 aRobinson, Francis bSRS cBK 001040708StackRoom-aHMIbHMId2007-07-26g400.00l0o297.0954 ROBp11001157r2007-07-26v400.00w2007-06-15yBK c18179d18179